| 000 | 00714nam a2200229Ia 4500 | ||
|---|---|---|---|
| 003 | GCL | ||
| 008 | 140319s9999 xx 000 0 ara d | ||
| 020 | _a0981345977 | ||
| 040 |
_aGCL / _cGCL |
||
| 082 | 0 | 4 |
_a332.642 _bك ا |
| 100 | 1 | _aكويل، برايان | |
| 245 | 1 | 0 |
_aاسواق المال / _cكويل، برايان |
| 260 |
_aالقاهرة : _bدار الفاروق للنشر والتوزيع ، _c2005 |
||
| 300 |
_a176 ص ؛ _c24 سم |
||
| 650 | 0 | 4 | _aالاوراق التجارية |
| 650 | 0 | 4 | _aالاستثمار |
| 650 | 0 | 4 | _aالبنوك |
| 650 | 0 | 4 | _aالاستثمارات الاجنبية |
| 650 | 0 | 4 | _aالبورصات |
| 650 | 0 | 4 | _aشهادات الادخار |
| 942 |
_2ddc _cBK |
||
| 999 |
_c8254 _d8254 |
||